| 000 | 00691nac a22002171u 4500 | ||
|---|---|---|---|
| 010 | _a001315559 | ||
| 082 |
_a291 _bF8692 |
||
| 090 |
_c3403 _d3403 |
||
| 100 | _aFrazer, James George, 854-194 | ||
| 245 |
_aThe golden bough: _b a study in magic and Religion/ _c by J.G. Frazer ... |
||
| 260 |
_aLondon : _b Macmillan & Co., C.1900. _c C.1900. |
||
| 300 |
_aV.2 _b23 cm. |
||
| 500 | _aDonations. | ||
| 500 | _aDonations - Bibliotheca Alexandrina. | ||
| 650 | _aMythology. | ||
| 650 | _aReligion. | ||
| 650 | _aMagic. | ||
| 650 | _aSuperstition. | ||
| 942 |
_cBB _k291F8692 |
||
| 999 |
_c3403 _d3403 |
||